Missing Word: Measured Movies Quiz Stats

 Plays Quiz Updated Mar 10, 2014

     
Support Sporcle.
Go Orange.
Score 0/16 Timer 03:00
5 Plays Today
Film Title Missing Word % Correct
The Green ______Mile
98.6%
(500) _____ of SummerDays
98.4%
Gone in 60 _______Seconds
96.7%
The Whole Nine _____Yards
95.5%
20,000 _______ Under the SeaLeagues
86.5%
The ____ of Living DangerouslyYear
82.9%
Six _____ of SeparationDegrees
79.5%
28 _____ LaterWeeks
72.3%
Film Title Missing Word % Correct
Attack of the 50 ____ WomanFoot
70.5%
Nine ______Months
66.2%
Hedwig and the Angry ____Inch
51.9%
Tin ____Cup
47%
Seven ______Pounds
39%
21 _____Grams
28.5%
8___mm
24.6%
A Thousand _____Acres
9.2%

Today's Daily Dose

From the Vault

ASOIAF By Any 3 Letters

by Lily7777777

If George R.R. Martin had anything to say about it, every answer would accept the letters 'D. I. E.'.
Remove Ads.
Support Sporcle.
Get the best of Sporcle when you Go Orange. This ad-free experience offers more features, more stats, and more fun while also helping to support Sporcle. Thank you for becoming a member.

Show Comments

Extras

Top Quizzes Today


Score Distribution

Your Account Isn't Verified!

In order to create a playlist on Sporcle, you need to verify the email address you used during registration. Go to your Sporcle Settings to finish the process.

Report this User

Report this user for behavior that violates our Community Guidelines.

Details: